[Event "Gausdal Troll Masters"]
[Site "Gausdal, Norway"]
[Date "2003.01.13"]
[Round "8"]
[White "Rozentalis, Eduardas"]
[Black "Miezis, Normunds"]
[Result "1/2-1/2"]
[WhiteElo "2585"]
[BlackElo "2523"]
[PlyCount "48"]
[EventDate "2003.01.??"]
[Source "EeEk"]
[SourceDate "2003.01.08"]

1. e4 c5 2. c3 Qa5 3. Nf3 Nc6 4. Bc4 Nf6 5. d3 e6 6. Bg5 d5 7. exd5 exd5 8.
Bxf6 dxc4 9. Bh4 cxd3 10. Qxd3 Be6 11. O-O c4 12. Qe2 Bd6 13. Rd1 Bc7 14. Na3
O-O 15. Nxc4 Qa6 16. b3 h6 17. Nd4 Bxc4 18. Qxc4 Qxc4 19. bxc4 Rfe8 20. Rab1
Bb6 21. Nxc6 bxc6 22. Re1 Ba5 23. Re3 Bb6 24. Ree1 Ba5 1/2-1/2

[Event "Gausdal Troll Masters"]
[Site "Gausdal, Norway"]
[Date "2003.01.13"]
[Round "8"]
[White "Hanley, Craig"]
[Black "Kallio, Heikki"]
[Result "1-0"]
[WhiteElo "2359"]
[BlackElo "2474"]
[PlyCount "67"]
[EventDate "2003.01.??"]
[Source "EeEk"]
[SourceDate "2003.01.08"]

1. e4 c6 2. d4 d5 3. f3 e6 4. Nc3 Bb4 5. Bf4 Nf6 6. Qd3 b6 7. Nge2 Ba6 8. Qe3
Nbd7 9. O-O-O Bc4 10. e5 Ng8 11. g4 b5 12. h4 Qa5 13. Kb1 Nb6 14. b3 Ba3 15.
Nc1 Bxf1 16. Rdxf1 Ne7 17. h5 Rb8 18. Bg5 h6 19. Bh4 Kd7 20. Nd3 Nc4 21. Qe1
Bb4 22. Nxb4 Qxb4 23. Ne2 Qa3 24. Qc1 Qxc1+ 25. Kxc1 Nb6 26. f4 Nbc8 27. f5 c5
28. fxe6+ fxe6 29. dxc5 Rg8 30. Nd4 Rb7 31. Rf7 Rc7 32. b4 a5 33. Nxb5 Rb7 34.
Nd6 1-0

[Event "Gausdal Troll Masters"]
[Site "Gausdal, Norway"]
[Date "2003.01.13"]
[Round "8"]
[White "Molander, Riku"]
[Black "Lugovoi, Aleksei"]
[Result "0-1"]
[WhiteElo "2291"]
[BlackElo "2540"]
[PlyCount "62"]
[EventDate "2003.01.??"]
[Source "EeEk"]
[SourceDate "2003.01.08"]

1. e4 d6 2. d4 Nf6 3. Nc3 g6 4. Be3 c6 5. Qd2 Nbd7 6. f3 b5 7. g4 Nb6 8. g5 Nh5
9. Bd3 e6 10. Nce2 e5 11. O-O-O Qe7 12. f4 exf4 13. Nxf4 Nxf4 14. Bxf4 Bg7 15.
Nf3 Bg4 16. e5 O-O 17. Qg2 Bxf3 18. Qxf3 dxe5 19. Bxe5 Bxe5 20. dxe5 Qxg5+ 21.
Kb1 Qxe5 22. h4 Nc4 23. c3 Qe3 24. Qxc6 Rac8 25. Qa6 Qf3 26. Bc2 b4 27. h5 bxc3
28. hxg6 hxg6 29. b3 Nd2+ 30. Kc1 Qf4 31. Bxg6 Ne4+ 0-1

[Event "Gausdal Troll Masters"]
[Site "Gausdal, Norway"]
[Date "2003.01.13"]
[Round "8"]
[White "Bisby, Daniel"]
[Black "Womacka, Mathias"]
[Result "1/2-1/2"]
[WhiteElo "2283"]
[BlackElo "2496"]
[PlyCount "143"]
[EventDate "2003.01.??"]
[Source "EeEk"]
[SourceDate "2003.01.08"]

1. e4 c5 2. Nc3 Nc6 3. g3 g6 4. Bg2 Bg7 5. d3 d6 6. Be3 e5 7. Qd2 Nge7 8. f4
O-O 9. Nf3 Nd4 10. O-O Bg4 11. Nh4 exf4 12. Bxf4 Qd7 13. Rf2 Rae8 14. Raf1 f6
15. Bh6 b6 16. Nf3 Nxf3+ 17. Bxf3 Bh3 18. Bxg7 Kxg7 19. Bg2 Bxg2 20. Kxg2 d5
21. Rf4 dxe4 22. Nxe4 Nd5 23. R4f3 f5 24. Nc3 Nb4 25. a3 Nc6 26. Ne2 Kg8 27.
R3f2 Ne5 28. Nf4 g5 29. Nh3 g4 30. Nf4 Qc6+ 31. Kg1 Nf3+ 32. Rxf3 gxf3 33. Qf2
Qd6 34. c3 Qe5 35. Qxf3 Qe3+ 36. Qxe3 Rxe3 37. Kg2 Rfe8 38. Rf2 Re1 39. Kh3 Kg7
40. Nh5+ Kg6 41. Nf4+ Kg5 42. Rd2 h5 43. d4 Rd8 44. d5 h4 45. Rd3 hxg3 46. Ne6+
Rxe6 47. Rxg3+ Kf6 48. dxe6 Kxe6 49. Re3+ Kf6 50. Re2 Kg5 51. Kg3 f4+ 52. Kf3
Kf5 53. Re7 Rd3+ 54. Kf2 Rd2+ 55. Re2 Rd7 56. Re8 Rd2+ 57. Re2 Rd1 58. Re1 Rd7
59. Re8 c4 60. a4 Rd2+ 61. Re2 Rd5 62. Re7 Ra5 63. Kf3 Rxa4 64. Rf7+ Kg6 65.
Rxf4 Ra2 66. Rxc4 Rxb2 67. h4 Kh5 68. Ke3 a5 69. Kd3 b5 70. Rc5+ Kxh4 71. c4
bxc4+ 72. Kxc4 1/2-1/2

[Event "Gausdal Troll Masters"]
[Site "Gausdal, Norway"]
[Date "2003.01.13"]
[Round "8"]
[White "Bluvshtein, Mark"]
[Black "Martinsen, Stig K"]
[Result "1-0"]
[WhiteElo "2461"]
[BlackElo "2085"]
[PlyCount "81"]
[EventDate "2003.01.??"]
[Source "EeEk"]
[SourceDate "2003.01.08"]

1. d4 d6 2. c4 f5 3. Nf3 Nf6 4. g3 g6 5. b3 Bg7 6. Bb2 O-O 7. Bg2 c6 8. O-O Na6
9. Nc3 Qe8 10. d5 Ne4 11. Qc1 Bxc3 12. Bxc3 Nxc3 13. Qxc3 cxd5 14. cxd5 Qf7 15.
Qe3 Nc5 16. Nd4 a5 17. a3 Bd7 18. b4 axb4 19. axb4 Na6 20. Ne6 Rfc8 21. Qb6
Rab8 22. Rfc1 Qe8 23. e4 Bxe6 24. dxe6 fxe4 25. Bxe4 Qd8 26. Qd4 Nc7 27. h4 d5
28. Bf3 Qd6 29. h5 gxh5 30. Bxh5 Nxe6 31. Qg4+ Kf8 32. Qf5+ Kg7 33. Rxc8 Rxc8
34. Re1 Rc6 35. Qf7+ Kh6 36. Bg4 Ng7 37. Kg2 Qf6 38. Rh1+ Kg5 39. Rh5+ Kxg4 40.
f3+ Qxf3+ 41. Qxf3# 1-0

[Event "Gausdal Troll Masters"]
[Site "Gausdal, Norway"]
[Date "2003.01.13"]
[Round "8"]
[White "Harestad, Hans Krogh"]
[Black "Kovalevskaya, Ekaterina"]
[Result "0-1"]
[WhiteElo "2236"]
[BlackElo "2452"]
[PlyCount "84"]
[EventDate "2003.01.??"]
[Source "EeEk"]
[SourceDate "2003.01.08"]

1. d4 Nf6 2. c4 d6 3. Nf3 Nbd7 4. Nc3 e5 5. g3 Be7 6. Bg2 O-O 7. O-O c6 8. Qc2
Qe8 9. b3 Rb8 10. Ba3 b5 11. cxb5 cxb5 12. Bb4 Bb7 13. Rac1 Ba8 14. Qb2 e4 15.
Nh4 a5 16. Bxa5 b4 17. Nb1 g6 18. Nd2 d5 19. Bh3 Nh5 20. Ng2 f5 21. Bc7 Rc8 22.
e3 Ng7 23. g4 Ne6 24. Bf4 Rd8 25. gxf5 gxf5 26. Ne1 Qh5 27. Bg2 Nxf4 28. exf4
Bd6 29. h3 Bxf4 30. Kh1 Kh8 31. Rg1 Rg8 32. a3 bxa3 33. Qa2 Rg6 34. Rc3 Qe2 35.
Rc2 Qxf2 36. Nxe4 Qxd4 37. Nd2 Bd6 38. Ndf3 Qf6 39. Nd3 Rdg8 40. b4 d4 41. Rf1
Bxf3 42. Bxf3 Qh4 0-1

[Event "Gausdal Troll Masters"]
[Site "Gausdal, Norway"]
[Date "2003.01.13"]
[Round "8"]
[White "Hole, Øystein"]
[Black "Berg, Olaf"]
[Result "1/2-1/2"]
[WhiteElo "2252"]
[BlackElo "2065"]
[PlyCount "55"]
[EventDate "2003.01.??"]
[Source "EeEk"]
[SourceDate "2003.01.08"]

1. Nf3 d5 2. d4 Nc6 3. c4 Bg4 4. e3 Nf6 5. Nc3 Qd7 6. cxd5 Nxd5 7. Bc4 Nb6 8.
Be2 O-O-O 9. O-O f6 10. b3 e6 11. Bb2 Qf7 12. Ng5 fxg5 13. Bxg4 Kb8 14. Bf3 h5
15. Bxc6 bxc6 16. Ne4 g4 17. Rc1 Kb7 18. Qc2 Qd7 19. Ng5 Bd6 20. Qg6 Rh6 21.
Qf7 Re8 22. Qxd7 Nxd7 23. Nf7 Rg6 24. Rc2 Rf8 25. Nxd6+ cxd6 26. Rfc1 Rc8 27.
Ba3 d5 28. Bd6 1/2-1/2

[Event "Gausdal Troll Masters"]
[Site "Gausdal, Norway"]
[Date "2003.01.13"]
[Round "8"]
[White "Charleshouse, Glenn"]
[Black "Svensen, Tarjei Joten"]
[Result "0-1"]
[WhiteElo "2284"]
[BlackElo "2074"]
[PlyCount "154"]
[EventDate "2003.01.??"]
[Source "EeEk"]
[SourceDate "2003.01.08"]

1. e4 e6 2. d4 d5 3. Nd2 Nf6 4. e5 Nfd7 5. c3 c5 6. Bd3 Nc6 7. Ne2 cxd4 8. cxd4
f6 9. exf6 Qxf6 10. Nf3 h6 11. O-O Bd6 12. a3 O-O 13. Bc2 Rd8 14. Be3 Nf8 15.
Qd2 Bd7 16. Bf4 Be8 17. Bxd6 Rxd6 18. Ng3 Bg6 19. Ba4 Be4 20. Bxc6 Bxf3 21. Ba4
Be4 22. Rfe1 Bg6 23. Rac1 h5 24. h3 h4 25. Nf1 a6 26. Nh2 Bf5 27. Bd1 Ng6 28.
Bh5 Ne7 29. Bg4 Nc6 30. Rcd1 Be4 31. Be2 Rf8 32. Bf1 Rd7 33. Qe3 Qf4 34. b4 Rc7
35. f3 Qxe3+ 36. Rxe3 Bc2 37. Rd2 Bf5 38. Kf2 Rfc8 39. f4 Be4 40. Bd3 Bxd3 41.
Rexd3 Ne7 42. Re3 Nf5 43. Rxe6 Kf7 44. Rb6 Ng3 45. Rd3 Re8 46. Kf3 Re4 47. Ng4
Ne2 48. Ne5+ Kg8 49. Ng6 Rf7 50. Re3 Nxd4+ 51. Kf2 Rxe3 52. Kxe3 Nc2+ 53. Kf3
Nxa3 54. Nxh4 Nc2 55. g4 Rd7 56. Ke2 d4 57. Nf3 d3+ 58. Kd2 Na3 59. Re6 Nc4+
60. Kd1 d2 61. Nxd2 Nxd2 62. Kc2 Nf3 63. Re3 Nd4+ 64. Kc3 Nc6 65. f5 Rd4 66. g5
Rxb4 67. g6 Kf8 68. Re6 Rf4 69. Rd6 Rxf5 70. Rd7 Rc5+ 71. Kd2 Rb5 72. Rf7+ Kg8
73. Rc7 Nd8 74. Rd7 Ne6 75. Re7 Nf8 76. Kd3 Nxg6 77. Kc4 Rb6 0-1

[Event "Gausdal Troll Masters"]
[Site "Gausdal, Norway"]
[Date "2003.01.13"]
[Round "8"]
[White "Nygren, Kim"]
[Black "Johansen, Paul"]
[Result "0-1"]
[WhiteElo "2202"]
[BlackElo "2239"]
[PlyCount "108"]
[EventDate "2003.01.??"]
[Source "EeEk"]
[SourceDate "2003.01.08"]

1. e4 c5 2. Nf3 Nc6 3. d4 cxd4 4. Nxd4 g6 5. c4 Bg7 6. Nc2 Qb6 7. Nc3 Bxc3+ 8.
bxc3 Nf6 9. Bd3 Ne5 10. O-O Qd6 11. Nd4 Nxd3 12. Qxd3 Ng4 13. f4 e5 14. h3 h5
15. hxg4 exd4 16. cxd4 hxg4 17. e5 Qe7 18. Qg3 Qh4 19. Qxh4 Rxh4 20. Kf2 b6 21.
Ba3 Ba6 22. Rh1 Rxh1 23. Rxh1 O-O-O 24. c5 Kb7 25. Rc1 Bd3 26. Ke3 Bf5 27. d5
bxc5 28. Bxc5 Rh8 29. Rc4 Rh2 30. Rb4+ Ka6 31. Kf2 Rh1 32. Be3 Rd1 33. Ra4+ Kb5
34. Rxa7 Rxd5 35. a4+ Kc6 36. a5 Bd3 37. Ra8 Kb7 38. Rd8 Bf5 39. Bb6 Rd3 40. g3
Rf3+ 41. Kg2 Ra3 42. Kf2 Be6 43. Rh8 Ra2+ 44. Kg1 Ra3 45. Kf2 Rf3+ 46. Ke2 Bc4+
47. Kd2 Rxg3 48. Rh1 Rd3+ 49. Kc1 Rf3 50. Rd1 Be6 51. Rd4 g3 52. Kd2 g2 53. Rb4
Bh3 54. Rb1 Rxf4 0-1

[Event "Gausdal Troll Masters"]
[Site "Gausdal, Norway"]
[Date "2003.01.13"]
[Round "8"]
[White "Lönngren, Tobias"]
[Black "Nolsøe, Eydun"]
[Result "1/2-1/2"]
[WhiteElo "2122"]
[BlackElo "2236"]
[PlyCount "195"]
[EventDate "2003.01.??"]
[Source "EeEk"]
[SourceDate "2003.01.08"]

1. d4 Nf6 2. c4 e6 3. g3 d5 4. Bg2 c6 5. Nd2 Bd6 6. Ngf3 Nbd7 7. O-O h6 8. Qc2
O-O 9. e4 dxe4 10. Nxe4 Nxe4 11. Qxe4 c5 12. Bf4 Bxf4 13. Qxf4 cxd4 14. Qxd4
Qc7 15. Rfe1 a5 16. b3 Rb8 17. Rad1 b5 18. cxb5 Rxb5 19. Rc1 Qb8 20. Red1 Nf6
21. Qd6 Bb7 22. Qxb8 Rxb8 23. Nd4 Rb6 24. Nc6 Ra8 25. Rd4 Kf8 26. Rdc4 Rba6 27.
Rc5 Bxc6 28. Rxc6 Rxc6 29. Rxc6 Ra7 30. Kf1 Ke7 31. Ke2 Kd7 32. Rc4 Kd6 33. Ra4
Rc7 34. Kd3 Rc5 35. Rc4 Rb5 36. Rc6+ Kd7 37. Ra6 Nd5 38. Ra7+ Nc7 39. Kd4 Kd6
40. Rb7 e5+ 41. Kd3 Rc5 42. Rb6+ Kd7 43. Kd2 g6 44. h4 Ne8 45. h5 Nd6 46. hxg6
fxg6 47. Rb8 Ke7 48. Rh8 h5 49. Rh7+ Nf7 50. Rg7 Kf6 51. Rg8 Nd6 52. Ra8 e4 53.
a3 Rd5+ 54. Kc2 Ke5 55. Rg8 Kf6 56. Bh3 e3 57. fxe3 Ne4 58. b4 axb4 59. axb4
Nxg3 60. Kc3 Re5 61. Rf8+ Ke7 62. Rf3 Ne2+ 63. Kd3 Ng1 64. Rg3 Nxh3 65. Rxh3
Kd6 66. Rh1 Rg5 67. Ke4 Rg4+ 68. Kf3 Rxb4 69. Rg1 Ke6 70. Rxg6+ Kf5 71. Rh6 Kg5
72. Rh8 Rb3 73. Rh7 Rc3 74. Rh8 Ra3 75. Rg8+ Kf5 76. Rf8+ Kg5 77. Re8 Kf5 78.
Rb8 Kg5 79. Rb5+ Kh4 80. Rc5 Ra1 81. Kf4 Rf1+ 82. Ke5 Kg3 83. e4 h4 84. Rc8 h3
85. Rg8+ Kf2 86. Rh8 Kg2 87. Rg8+ Kh1 88. Ke6 h2 89. Rh8 Rf3 90. e5 Kg2 91.
Rxh2+ Kxh2 92. Kd7 Kg3 93. e6 Rd3+ 94. Ke8 Kf4 95. e7 Kg5 96. Kf7 Rf3+ 97. Kg7
Re3 98. Kf7 1/2-1/2

[Event "Gausdal Troll Masters"]
[Site "Gausdal, Norway"]
[Date "2003.01.13"]
[Round "8"]
[White "Hörbing, Stefan"]
[Black "Glenne, Bjørn Erik"]
[Result "1/2-1/2"]
[WhiteElo "2038"]
[BlackElo "2203"]
[PlyCount "53"]
[EventDate "2003.01.??"]
[Source "EeEk"]
[SourceDate "2003.01.08"]

1. e4 c6 2. Nc3 d5 3. Nf3 g6 4. d4 dxe4 5. Nxe4 Nf6 6. Nxf6+ exf6 7. Be2 Bg7 8.
O-O O-O 9. Bf4 Bf5 10. Qd2 Re8 11. Rfe1 Nd7 12. Rad1 Nf8 13. c4 g5 14. Be3 Be4
15. Bd3 h6 16. Bxe4 Rxe4 17. Qd3 Re8 18. Qf5 Qc8 19. Qxc8 Raxc8 20. g4 Ng6 21.
b3 f5 22. gxf5 Ne7 23. d5 cxd5 24. Bxa7 dxc4 25. bxc4 Nxf5 26. Rxe8+ Rxe8 27.
Rd7 1/2-1/2

[Event "Gausdal Troll Masters"]
[Site "Gausdal, Norway"]
[Date "2003.01.13"]
[Round "8"]
[White "Andersen, Alf R"]
[Black "Ohlzon, Nils-Johan"]
[Result "1-0"]
[WhiteElo "2142"]
[BlackElo "2176"]
[PlyCount "65"]
[EventDate "2003.01.??"]
[Source "EeEk"]
[SourceDate "2003.01.08"]

1. e4 c5 2. Nf3 d6 3. d4 cxd4 4. Nxd4 Nf6 5. Nc3 a6 6. Be3 e6 7. f4 Qc7 8. g4
h6 9. Qf3 b5 10. Bd3 Bb7 11. O-O-O b4 12. Nce2 Nbd7 13. Ng3 Nc5 14. Kb1 d5 15.
e5 Nfe4 16. Rhf1 O-O-O 17. Rc1 Kb8 18. Rfd1 Ka8 19. Bg1 Be7 20. Bxe4 dxe4 21.
Qe3 Bd5 22. c3 bxc3 23. Rxc3 Qb7 24. Rc2 Nd3 25. Nb3 Rb8 26. Ne2 Nb4 27. Rc3
Nxa2 28. Kxa2 a5 29. Ra1 Bb4 30. Kb1 Bxc3 31. Nxc3 Rbc8 32. Rxa5+ Kb8 33. Rb5
1-0

[Event "Gausdal Troll Masters"]
[Site "Gausdal, Norway"]
[Date "2003.01.13"]
[Round "8"]
[White "Astengo, Corrado"]
[Black "Bjørgvik, Jan Arne"]
[Result "1/2-1/2"]
[WhiteElo "2172"]
[BlackElo "1609"]
[PlyCount "82"]
[EventDate "2003.01.??"]
[Source "EeEk"]
[SourceDate "2003.01.08"]

1. e4 c5 2. Nf3 d6 3. d4 cxd4 4. Nxd4 Nc6 5. Be3 Nf6 6. Nc3 e6 7. f4 Be7 8. Qf3
Bd7 9. Bd3 O-O 10. O-O a6 11. a3 Rc8 12. Rae1 b5 13. Kh1 e5 14. Nxc6 Rxc6 15.
Nd5 Nxd5 16. exd5 Rc8 17. fxe5 dxe5 18. Qe4 f5 19. Qxe5 Bf6 20. Qd6 Bxb2 21.
Qxa6 Ra8 22. Qd6 Bxa3 23. Qg3 Qf6 24. Bf4 Rac8 25. Be5 Qg6 26. Qxg6 hxg6 27.
Rb1 Rfe8 28. Bf4 g5 29. Bxg5 Re5 30. d6 Rd5 31. Be7 Bxd6 32. Bxd6 Rxd6 33. Bxf5
Bxf5 34. Rxf5 Rxc2 35. Rfxb5 Rdd2 36. Rg5 Rb2 37. Rg1 Kh7 38. h3 Rd7 39. Re1
Rbd2 40. Re4 R2d4 41. Rxd4 Rxd4 1/2-1/2

[Event "Gausdal Troll Masters"]
[Site "Gausdal, Norway"]
[Date "2003.01.13"]
[Round "8"]
[White "Simonsen, Olavur"]
[Black "Torgersen, Terje"]
[Result "0-1"]
[WhiteElo "2265"]
[BlackElo "1790"]
[PlyCount "60"]
[EventDate "2003.01.??"]
[Source "EeEk"]
[SourceDate "2003.01.08"]

1. e4 e6 2. d4 d5 3. Nd2 Nf6 4. e5 Nfd7 5. Bd3 c5 6. c3 Nc6 7. Ne2 Qb6 8. Nf3
cxd4 9. cxd4 f6 10. exf6 Nxf6 11. O-O Bd6 12. Nc3 O-O 13. Re1 a6 14. a3 Qc7 15.
Bg5 Ng4 16. h3 Bh2+ 17. Kf1 Nxf2 18. Kxf2 Qg3+ 19. Kf1 Qxg5 20. Bc2 Bd7 21. Qd3
g6 22. Bd1 e5 23. dxe5 Bxh3 24. Qxd5+ Kh8 25. gxh3 Qg1+ 26. Ke2 Qg2+ 27. Ke3
Rad8 28. Qe4 Rxf3+ 29. Qxf3 Qd2+ 30. Ke4 Qd4# 0-1

[Event "Gausdal Troll Masters"]
[Site "Gausdal, Norway"]
[Date "2003.01.13"]
[Round "8"]
[White "Hammer, Jon Ludvig"]
[Black "Unander, Matts"]
[Result "1/2-1/2"]
[WhiteElo "1752"]
[BlackElo "2214"]
[PlyCount "59"]
[EventDate "2003.01.??"]
[Source "EeEk"]
[SourceDate "2003.01.08"]

1. Nf3 c5 2. b3 d6 3. Bb2 e5 4. e3 f5 5. d3 Nf6 6. c4 Be7 7. Nc3 O-O 8. g3 h6
9. e4 Nc6 10. Nh4 fxe4 11. dxe4 Ng4 12. Nf5 Nxf2 13. Kxf2 g6 14. Qg4 Kh7 15.
Bd3 Nd4 16. Kg2 gxf5 17. exf5 Bxf5 18. Bxf5+ Rxf5 19. Nd5 Rf7 20. Bxd4 cxd4 21.
Rhf1 Rg7 22. Qf5+ Kh8 23. Qe6 Qc8 24. Qxh6+ Rh7 25. Nxe7 Rxh6 26. Nxc8 Rxc8 27.
Rf7 Re8 28. Raf1 Kg8 29. R1f6 Re6 30. Rf8+ 1/2-1/2

[Event "Gausdal Troll Masters"]
[Site "Gausdal, Norway"]
[Date "2003.01.13"]
[Round "8"]
[White "Larsen, Tor Kristian"]
[Black "Karlsen, Terje"]
[Result "1/2-1/2"]
[WhiteElo "1747"]
[BlackElo "2135"]
[PlyCount "54"]
[EventDate "2003.01.??"]
[Source "EeEk"]
[SourceDate "2003.01.08"]

1. Nf3 d5 2. d4 c6 3. c4 e6 4. Qc2 f5 5. Bf4 Nf6 6. e3 Be7 7. Bd3 O-O 8. O-O
Ne4 9. h3 Kh8 10. Nbd2 Nd7 11. Ne5 Ndf6 12. Ndf3 Qe8 13. c5 Rg8 14. Ng5 Nxg5
15. Bxg5 h6 16. Bf4 a5 17. Bh2 g6 18. a4 Kg7 19. Rfb1 Rf8 20. b4 axb4 21. Rxb4
Bd8 22. Rab1 Ba5 23. R4b2 Ne4 24. f3 Ng5 25. Qf2 Qe7 26. Qg3 Rf6 27. h4 Nf7
1/2-1/2

[Event "Gausdal Troll Masters"]
[Site "Gausdal, Norway"]
[Date "2003.01.13"]
[Round "8"]
[White "Pedersen, Øyvind"]
[Black "Sander, Rolf"]
[Result "1/2-1/2"]
[WhiteElo "2054"]
[BlackElo "2048"]
[PlyCount "37"]
[EventDate "2003.01.??"]
[Source "EeEk"]
[SourceDate "2003.01.08"]

1. e4 d5 2. exd5 Qxd5 3. Nc3 Qa5 4. d4 c6 5. Bc4 Bf5 6. Nf3 e6 7. Bd2 Nf6 8.
Ne5 Bb4 9. a3 Bxc3 10. Bxc3 Qc7 11. Qe2 O-O 12. g4 Be4 13. f3 Bd5 14. Bd3 Nbd7
15. Nxd7 Nxd7 16. O-O c5 17. dxc5 Nxc5 18. Be5 Qe7 19. Rad1 1/2-1/2

[Event "Gausdal Troll Masters"]
[Site "Gausdal, Norway"]
[Date "2003.01.13"]
[Round "8"]
[White "Bue, Gunnar"]
[Black "Korhonen, Pasi"]
[Result "0-1"]
[WhiteElo "1991"]
[BlackElo "2115"]
[PlyCount "44"]
[EventDate "2003.01.??"]
[Source "EeEk"]
[SourceDate "2003.01.08"]

1. d4 Nf6 2. c4 c5 3. d5 b5 4. cxb5 a6 5. bxa6 Bxa6 6. Nc3 g6 7. g3 d6 8. Nf3
Bg7 9. Bg2 Nbd7 10. O-O O-O 11. Qc2 Qa5 12. Rd1 Rfb8 13. e4 Ng4 14. Bd2 Nge5
15. Nxe5 Nxe5 16. Nb1 Bd3 17. Qxd3 Nxd3 18. Bxa5 Rxa5 19. Nc3 Nxb2 20. Rdc1 Nd3
21. Rc2 Nb4 22. Rb1 Ra3 0-1

[Event "Gausdal Troll Masters"]
[Site "Gausdal, Norway"]
[Date "2003.01.13"]
[Round "8"]
[White "Johansen, Kai-Roger"]
[Black "Nilsen, Terje"]
[Result "0-1"]
[WhiteElo "2084"]
[BlackElo "1794"]
[PlyCount "82"]
[EventDate "2003.01.??"]
[Source "EeEk"]
[SourceDate "2003.01.08"]

1. c4 g6 2. Nc3 Bg7 3. d4 c5 4. d5 Bxc3+ 5. bxc3 f5 6. h4 Nf6 7. Bh6 Qa5 8. Qb3
Ng4 9. Bg5 h6 10. Bf4 Kf7 11. f3 Nf6 12. e3 d6 13. Bd3 Nbd7 14. Nh3 Ne5 15. Be2
Rb8 16. O-O Bd7 17. a4 b6 18. Nf2 Rbg8 19. e4 Nh5 20. Bxe5 dxe5 21. Nd3 Kf6 22.
Bd1 f4 23. Kf2 Ng3 24. Rg1 g5 25. hxg5+ Rxg5 26. Qb2 h5 27. Qd2 Rh7 28. Bc2 Rf7
29. Rge1 Kg7 30. Nc1 Rf6 31. Qd3 Qa6 32. Nb3 Qc8 33. a5 b5 34. Nc1 a6 35. Bb3
h4 36. Ne2 Rfg6 37. Rg1 b4 38. Qd2 h3 39. gxh3 Qh8 40. cxb4 Qxh3 41. Rgf1 Nxe2
0-1

[Event "Gausdal Troll Masters"]
[Site "Gausdal, Norway"]
[Date "2003.01.13"]
[Round "8"]
[White "Lahlum, Ida"]
[Black "Johansson, Per"]
[Result "0-1"]
[WhiteElo "1438"]
[BlackElo "2016"]
[PlyCount "84"]
[EventDate "2003.01.??"]
[Source "EeEk"]
[SourceDate "2003.01.08"]

1. d4 d5 2. c4 c6 3. Nc3 Nf6 4. Nf3 dxc4 5. e3 Bf5 6. Bxc4 e6 7. O-O Nbd7 8.
Re1 Be7 9. e4 Bg4 10. Be2 O-O 11. d5 Nc5 12. dxc6 bxc6 13. Nd4 Bxe2 14. Ncxe2
Qb6 15. f3 Rfd8 16. e5 Nd5 17. a3 Na6 18. Qb3 Qxb3 19. Nxb3 c5 20. Nf4 c4 21.
Na5 Bc5+ 22. Kf1 c3 23. Nxd5 cxb2 24. Bxb2 Rxd5 25. Red1 Rad8 26. Ke2 Nc7 27.
Nb7 Rb8 28. Rxd5 Nxd5 29. Rc1 Rxb7 30. Bd4 Bf8 31. Rc8 Rc7 32. Ra8 Nb6 33. Rb8
h6 34. a4 Nd7 35. Rb2 Kh7 36. a5 f6 37. exf6 gxf6 38. Be3 Bc5 39. a6 Bxe3 40.
Kxe3 Nc5 41. Ra2 Kg6 42. Ra5 Rc6 0-1

[Event "Gausdal Troll Masters"]
[Site "Gausdal, Norway"]
[Date "2003.01.13"]
[Round "8"]
[White "Knudsen, Ragnar"]
[Black "Saulnier, Jean"]
[Result "1/2-1/2"]
[WhiteElo "1817"]
[BlackElo "1880"]
[PlyCount "41"]
[EventDate "2003.01.??"]
[Source "EeEk"]
[SourceDate "2003.01.08"]

1. Nf3 d5 2. g3 Nf6 3. Bg2 c6 4. O-O Bg4 5. d3 Nbd7 6. Nbd2 e5 7. h3 Bh5 8. e4
dxe4 9. dxe4 Be7 10. b3 Bxf3 11. Bxf3 Qc7 12. Bb2 O-O 13. Qe2 Rfe8 14. Rfd1 Nc5
15. a4 Ne6 16. Nc4 Nd7 17. Bg4 Bc5 18. Bxe6 Rxe6 19. Rd3 Nb6 20. Ne3 Nc8 21.
Rad1 1/2-1/2

[Event "Gausdal Troll Masters"]
[Site "Gausdal, Norway"]
[Date "2003.01.13"]
[Round "8"]
[White "Bryn, Steinar"]
[Black "Bryn, Askild"]
[Result "1-0"]
[WhiteElo "1561"]
[BlackElo "1616"]
[PlyCount "71"]
[EventDate "2003.01.??"]
[Source "EeEk"]
[SourceDate "2003.01.08"]

1. e4 d6 2. d4 g6 3. Nf3 Bg7 4. Nc3 Nd7 5. Bc4 e6 6. O-O Ne7 7. Ng5 Nb6 8. Bb3
h6 9. Nf3 O-O 10. Be3 Kh7 11. Ne2 f5 12. exf5 exf5 13. Nf4 Qe8 14. c3 d5 15.
Bc2 g5 16. Nd3 Ng6 17. Re1 Qd8 18. Nde5 Nxe5 19. Nxe5 Bxe5 20. dxe5 Kg7 21. Bd4
Be6 22. Qh5 Qe8 23. Qxe8 Raxe8 24. g3 f4 25. b3 Nd7 26. b4 b6 27. Ba4 Rc8 28.
Bxd7 c5 29. Bxc8 Rxc8 30. bxc5 bxc5 31. Rac1 cxd4 32. cxd4 Rf8 33. Rc7+ Kg6 34.
Rxa7 h5 35. Rc1 fxg3 36. hxg3 1-0